000 00662nam a2200277Ia 4500
005 20260324145409.0
008 008 260324s9999 xx 000 0 eng d
020 _a9781315803012
037 _aEBOOK
040 _aCRL
040 _beng
040 _cCRL
041 _2eng
041 _aeng
084 _qCRL
100 _aRichard Petty; T. M. Ostrom; T. C. Brock
_91222814
245 0 _aCognitive Responses in Persuasion
260 _bTaylor and Francis
260 _c1982
365 _a
365 _b230
856 _uhttp://www.taylorfrancis.com/books/9781315803012
942 _cEBOOK
999 _c1830668
_d1830668